| 000 | 01355cam a2200289 a 4500 | ||
|---|---|---|---|
| 001 | 2142726 | ||
| 005 | 20060718195629.0 | ||
| 008 | 980605s1998 nyua b 001 0 eng | ||
| 010 | _a 98026979 | ||
| 020 | _a0070580839 | ||
| 040 |
_aDLC _cDLC _dDLC |
||
| 050 | 0 | 0 |
_aTK7881.85 _b.R85 1998 |
| 082 | 0 | 0 |
_a629.277 _221 _bRUM |
| 100 | 1 |
_aRumreich, Mark. _95730 |
|
| 245 | 1 | 0 |
_aCar stereo cookbook : _bHow to design, choose, and install car stereo systems / _cNarj Rumreich. |
| 260 |
_aNew York : _bMcGraw-Hill, _cc1998. |
||
| 300 |
_axxi, 296 p. : _bill. ; _c24 cm. |
||
| 504 | _aIncludes bibliographical references and index. | ||
| 650 | 0 |
_aAutomobiles _xAudio equipment. _95731 |
|
| 856 | 4 | 2 |
_3Contributor biographical information _uhttp://www.loc.gov/catdir/bios/mh041/98026979.html |
| 856 | 4 | 2 |
_3Publisher description _uhttp://www.loc.gov/catdir/description/mh023/98026979.html |
| 856 | 4 | 1 |
_3Table of contents only _uhttp://www.loc.gov/catdir/enhancements/fy0602/98026979-t.html |
| 942 |
_2ddc _cBB |
||
| 999 |
_c11718 _d11718 |
||